| 000 | 00726nam a22002177a 4500 | ||
|---|---|---|---|
| 003 | OSt | ||
| 005 | 20251222141651.0 | ||
| 008 | 251222b |||||||| |||| 00| 0 eng d | ||
| 040 | _cDCL | ||
| 041 | _aEnglish | ||
| 082 | _a915.91 | ||
| 100 | 1 |
_aO'Connor, V. C. Scott (Vincent Clarence Scott), _d1869-1945 |
|
| 245 | 1 | 0 |
_aMandalay and other cities of the past in Burma / _cby V.C. Scott O'Connor. |
| 260 |
_aBangkok : _bWhite Lotus, _c1996. |
||
| 300 |
_axxvi, 435 pages : _billustrations, maps ; _c20 cm. |
||
| 500 | _aIncludes index. | ||
| 504 | _aIncludes bibliographical notes and index. | ||
| 651 |
_aMyanmar _vHistory |
||
| 651 |
_aMandalay (Burma) _vDescription and travel |
||
| 942 |
_2ddc _cSHORT TERM _n0 |
||
| 999 |
_c2782 _d2782 |
||